00457nam a2200169Ia 4500008004100000020001500041040001900056041001200075082002300087100002400110245004500134260003000179300001900209650002300228651002000251850001600271131103s9999 xx 000 0 und d a6710103395 aLoreto College aEnglish aF/CLAbLCBED/13229 aClark, Mary Higgins aBefore i say goodbyecMary Higgins Clark aLondonbPocket bookc2000 a332p. c 18cm. aEnglish literature aEnglish fiction aLCBED/F/CLA